Statistics for Top 15 Countries with Covid-19 Cases - 26 January 2022

Click here to take the quiz!

General Stats

  • This quiz has been taken 29 times
  • The average score is 17 of 27

Answer Stats

country% Correct
Italy
100%
United States
100%
France
96%
India
96%
Russia
96%
Brazil
92%
Germany
92%
Mexico
92%
United Kingdom
92%
Spain
83%
Argentina
79%
Netherlands
63%
Poland
63%
Turkey
63%
Belgium
58%
Colombia
58%
Portugal
58%
Czechia
50%
Switzerland
50%
Denmark
42%
Ireland
42%
Iran
38%
Israel
21%
Slovenia
21%
Estonia
17%
Lithuania
13%
Georgia
8%

Score Distribution

Percentile by Number Answered

Percent of People with Each Score

Your Score History

You have not taken this quiz